| 000 | 00989nam a22002537a 4500 | ||
|---|---|---|---|
| 999 |
_c5670 _d5670 |
||
| 003 | OSt | ||
| 005 | 20251014075839.0 | ||
| 008 | 251014b ||||| |||| 00| 0 eng d | ||
| 020 |
_a9781474915083 _qbook set |
||
| 040 | _cKH8 | ||
| 082 | _aFIC SHA | ||
| 100 |
_aShakespeare, William, _eauthor. |
||
| 245 |
_aRomeo & Juliet / _cWilliam Shakespeare ; adaptor by Anna Claybourne ; illustrated by Jana Costa. |
||
| 260 |
_aEngland ; _bUsborne Publishing Ltd , _c2006. |
||
| 300 |
_a63 pages : _bcolour illustrations ; _c20 cm. |
||
| 490 |
_aUsborne Young Reading _vseries two |
||
| 520 | _aRomea and Juliet are in love... but their families are bitter enemies. Set in medieval Verona, a place of sword fights, secrets and magic potions, their tragic love story plays out to a desperate end. | ||
| 650 |
_aEasy reading _vfiction |
||
| 650 |
_aStory book _vfiction |
||
| 650 | _aYoung readers | ||
| 700 |
_aCosta, Jana, _eillustrator. |
||
| 830 | _aUsborne Young Reading | ||
| 942 |
_2ddc _cFIC |
||